00337nam a2200133Ia 4500008004100000020001800041082001900059100001800078245003600096260003800132300000800170546000900178650001600187230312s9999||||xx |||||||||||||| ||und|| a9788120310445 a620.106bFAY-F aFay, James A. 0aIntroduction to Fluid Mechanics bPHI Leanring Pvt LtdaIndiac2008 a605 aEng. aEngineering